| 000 | 00372nam a2200133Ia 4500 | ||
|---|---|---|---|
| 008 | 220217s9999||||xx |||||||||||||| ||und|| | ||
| 020 | _a81-224-0343-3 | ||
| 082 | _a621.317 LOB | ||
| 100 |
_aLob, Udo _93970 |
||
| 245 | 0 | _aCharacterstics of diodes; seimens series | |
| 260 |
_aWiley eastern limited _bNew Delhi _c1991 |
||
| 300 | _b40 | ||
| 650 | _aELECTRICAL SCIENCE | ||
| 999 |
_c173289 _d173289 |
||